[Event "IV Copa Marcel Duchamp 2020"]
[Site "Montevideo"]
[Date "2020.02.08"]
[Round "1.23"]
[White "Carbone, Diego"]
[Black "Lanaro, Emilio"]
[Result "1-0"]
[WhiteElo "2239"]
[BlackElo "1671"]
[Annotator "TA"]
[PlyCount "109"]
[EventDate "2020.02.08"]
[EventType "swiss"]
[EventCountry "URU"]
[SourceTitle "playchess.com"]
[Source "ChessBase"]
[SourceQuality "1"]

{[%evp 17,108,59,54,51,53,48,50,26,73,62,116,87,95,71,81,84,66,58,58,18,80,50,53,25,57,52,56,58,47,45,40,38,35,0,0,0,435,426,394,0,0,0,0,-60,-75,-159,-153,-191,-195,-224,-99,-84,-33,-39,0,-4,-4,-124,0,0,0,0,113,96,88,61,64,63,69,73,83,78,92,52,55,0,43,42,59,43,44,14,13,18,106,-224,91,36,157,147,29998,29999,29999]} 1. d4 Nf6 2. c4 g6 3. g3 Bg7 4. Bg2 O-O 5. Nc3 d6 6. Nf3 Nc6 7. O-O Bd7 8. e4 e5 9. d5 Ne7 10. Ne1 {E62: King's Indian: Fianchetto: 6...c6 and Panno Variation (6...Nc6) without ...a6.} Ne8 11. Nd3 f5 12. f4 {[#] White is slightly better.} fxe4 $146 ({Predecessor:} 12... exf4 13. Bxf4 fxe4 14. Nxe4 Nf6 15. Nxf6+ Bxf6 16. Qd2 Nf5 17. g4 Nh4 18. Bh6 Rf7 {1-0 (28) Vareille,F (2381)-Deslandes,P (2282) France 2010}) 13. Nxe4 Nf6 (13... exf4 $14 14. Nxf4 Nf5) 14. fxe5 Nxe4 15. Rxf8+ Qxf8 16. Bxe4 dxe5 17. Nc5 Bf5 18. Bg2 Nc8 (18... Nc6 $11 19. d6 (19. Nxb7 Nd4 $11) 19... Nd4) 19. Be3 Nd6 20. Qe2 Qc8 21. Ne6 $36 {[%mdl 2048] White is more active.} Bxe6 22. dxe6 c6 23. Bh3 $1 {Strongly threatening Rd1.} Nf5 $1 24. e7 Qe6 25. Bc5 b6 26. Rd1 Re8 $2 {[%mdl 8192] [#]} (26... Bf6 $11 {and Black stays safe.} 27. Bxf5 Qxf5) 27. Rd8 $1 $18 {[%mdl 512]} Kf7 28. Rd6 $2 (28. Bxf5 $1 $18 Qxf5 29. Qd1 bxc5 30. Rxe8) 28... Qxe7 $11 29. Bxf5 $1 gxf5 30. Qh5+ (30. Bb4 $11) 30... Kg8 $15 31. Be3 (31. Bf2 $142) 31... Rf8 $17 ({But not} 31... Qxd6 32. Qxe8+ Bf8 33. Kg2 $15) 32. Qd1 f4 33. Bf2 fxg3 (33... e4 $1 $19 {[%cal Re4e3]} 34. gxf4 e3) 34. Bxg3 e4 ({Black should try} 34... Qg5 $17 {...h5 is the strong threat.} 35. b3 h5) 35. Rxc6 $15 e3 36. Rc7 Qf6 37. Qe2 (37. Rxa7 $11 Kh8 38. Rd7) 37... Qf3 (37... Qf5 $17 {And now ...Be5 would win.} 38. c5 Kh8 39. cxb6 axb6) 38. Qxf3 $11 Rxf3 {[%mdl 4096] Endgame KRB-KRB} 39. Kg2 Rf7 (39... Rf5 $11 {remains equal.}) 40. Rc8+ Bf8 41. Re8 Rd7 42. Be1 Kf7 43. Rxe3 Rd4 44. b3 Bc5 45. Rf3+ Ke6 46. Bc3 (46. a4 $14) 46... Rd1 47. Rf6+ Ke7 48. Rh6 Rc1 $1 {[%cal Rc1c2]} 49. Rxh7+ Ke6 50. Rh6+ Kf5 (50... Kd7 $1 $11) 51. Bg7 $2 {[%mdl 8192]} (51. Rf6+ $16 {keeps the pressure on.} Ke4 52. Re6+ Kf5 53. Rf6+ Ke4 54. Re6+ Kf5 55. Rf6+) 51... Rc2+ $2 {[#]} (51... Rg1+ $19 52. Kf3 Rxg7 53. Rh5+ Kg6) 52. Kg3 ({White should play} 52. Kf3 $1 $16) 52... Rxa2 {[#]} (52... Be7 $1 $14) 53. Rf6+ $1 $16 Kg5 $2 {[%mdl 8192]} (53... Ke4 $16) 54. h4+ Kh5 55. Rh6# {Accuracy: White = 57%, Black = 51%.} 1-0

[Event "IV Copa Marcel Duchamp 2020"]
[Site "Montevideo"]
[Date "2020.02.08"]
[Round "1.24"]
[White "Moratorio, Alberto"]
[Black "Muniz, Rafael"]
[Result "0-1"]
[WhiteElo "1661"]
[BlackElo "2232"]
[Annotator "TA"]
[PlyCount "54"]
[EventDate "2020.02.08"]
[EventType "swiss"]
[EventCountry "URU"]
[SourceTitle "playchess.com"]
[Source "ChessBase"]
[SourceQuality "1"]

{[%evp 16,54,21,-3,20,25,49,10,22,16,53,37,26,30,30,17,39,35,27,6,34,0,0,-34,-29,-25,9,-65,-62,-73,-52,-137,-143,-366,-325,-435,-333,-428,-443,-447,-373]} 1. d4 Nf6 2. Bf4 d5 3. e3 e6 4. Nf3 c5 5. c3 Nc6 6. Nbd2 Bd6 7. Bg3 Bxg3 8. hxg3 Qd6 9. Bd3 Bd7 {has lost popularity (9...e5). D02: 1 d4 d5 2 Nf3 sidelines, including 2...Nf6 3 g3 and 2...Nf6 3 Bf4.} 10. Qe2 h6 11. dxc5 Qxc5 {The position is equal.} 12. e4 {[#]} O-O-O $146 ({Predecessor:} 12... dxe4 13. Nxe4 Nxe4 14. Bxe4 Qa5 15. a4 Qc7 16. O-O O-O 17. b4 Rae8 18. g4 e5 {1-0 (43) Rabrenovic,V (2331)-Abhilash,R (2252) Djenovici 2019}) 13. e5 Ng4 14. Nb3 Qb6 15. Nbd4 f6 {[%cal Rc6e5]} 16. Nxc6 bxc6 17. Rh4 h5 18. exf6 gxf6 19. a4 e5 20. a5 Qc5 21. Nd2 ({White should try} 21. Bg6 $11) 21... e4 $1 $15 {[%cal Re4d3]} 22. Ba6+ Kb8 23. Ra4 {[#]} (23. Nf1 $15) 23... Ka8 $1 $17 {Hoping for ...e3.} 24. Nb3 $2 (24. Nf1 $17 {only move.}) 24... Qd6 $19 25. Nd4 {Now Rb4 and White clings on.} Rb8 ({Less strong is} 25... c5 26. Nb5 $19) 26. Ra3 f5 27. b4 {[#]} c5 {Played: Rb8xb4} 0-1

[Event "IV Copa Marcel Duchamp 2020"]
[Site "Montevideo"]
[Date "2020.02.08"]
[Round "1.25"]
[White "Shtemler, Lavi"]
[Black "Moreno, Nelson"]
[Result "1-0"]
[WhiteElo "2199"]
[BlackElo "1656"]
[Annotator "TA"]
[PlyCount "55"]
[EventDate "2020.02.08"]
[EventType "swiss"]
[EventCountry "URU"]
[SourceTitle "playchess.com"]
[Source "ChessBase"]
[SourceQuality "1"]

{[%evp 18,55,18,0,0,0,11,0,2,2,24,0,97,93,191,191,191,194,191,167,164,168,172,143,122,111,106,0,110,125,123,73,219,225,320,318,670,663,639,667]} 1. Nf3 Nf6 2. g3 g6 3. c4 Bg7 4. Nc3 d5 5. cxd5 Nxd5 6. Bg2 Nxc3 7. bxc3 c5 8. Rb1 O-O 9. O-O Nc6 10. Qa4 Qa5 {A34: Symmetrical English: 2 Nc3, lines with ...d5.} 11. Qc4 {[#]} Rb8 $146 ({Predecessor:} 11... b6 12. Ng5 Bb7 13. Bxc6 Bxc6 14. Ne6 Rfc8 15. Nxg7 Kxg7 16. d3 Rd8 17. f3 Rd6 18. Qb3 f6 19. g4 Rad8 20. Bf4 {1-0 (20) Bellmann,H (2476)-Scheuermann,B (2427) ICCF email 2011}) 12. Rb5 Be6 {The position is equal.} 13. Qxc5 Qxa2 14. Ng5 a6 (14... Bd7 $11) 15. Rb2 $16 Qa5 (15... Qc4 $16 16. Nxe6 Qxe6) 16. Nxe6 $18 fxe6 17. Qc4 $1 Nd8 18. d4 Kh8 19. Bf4 e5 20. Ra2 Rc8 21. Qxc8 Qxa2 22. dxe5 (22. Bxe5 $16 {Threatens to win with Qc7.} Bxe5 23. dxe5) 22... Qxe2 (22... Ne6 $11 {remains equal.} 23. Qxb7 Nxf4 24. gxf4 Qxe2) 23. Qd7 $36 {[%mdl 2048] White is in control.} e6 24. Qe7 Qb5 {[#]} (24... Nf7 $16 {keeps fighting.}) 25. Rd1 $1 $18 {[%cal Rd1d8]} Qe8 {[#]} (25... Nf7 $142 26. Rd7 (26. Bxb7 Qe8 $18) (26. Qxb7 Bxe5 27. c4 Qxb7 $16) (26. Qxe6 Qe2 $14) 26... b6) 26. Qc7 $1 {And now Rd7 would win.} Qf7 $2 (26... Nf7 27. Rd7 (27. Qxb7 Nxe5 28. Qxa6 g5 $18) (27. Bxb7 g5 $16) 27... g5) 27. Qxd8 Rxd8 28. Rxd8+ {Accuracy: White = 87%, Black = 41%.} 1-0

[Event "IV Copa Marcel Duchamp 2020"]
[Site "Montevideo"]
[Date "2020.02.08"]
[Round "1.26"]
[White "De Cuadro, Dionisio"]
[Black "El Ters, Antouan"]
[Result "0-1"]
[WhiteElo "1650"]
[BlackElo "2189"]
[Annotator "TA"]
[PlyCount "78"]
[EventDate "2020.02.08"]
[EventType "swiss"]
[EventCountry "URU"]
[SourceTitle "playchess.com"]
[Source "ChessBase"]
[SourceQuality "1"]

{[%evp 9,78,0,0,0,1,-8,-3,-20,-18,-29,11,0,0,-19,-12,-19,-10,-34,-15,-45,-53,-53,-53,-56,-44,-58,-3,-65,-37,-112,-101,-164,-171,-149,-140,-210,-194,-258,-240,-256,-249,-248,-237,-278,-282,-277,-255,-259,-225,-314,-322,-312,-301,-418,-443,-444,-447,-417,-417,-775,-39,-41,-47,-162,-160,-6154,-5831,-5722,-5735,-5406,-5181]} 1. Nf3 Nf6 2. g3 g6 3. Bg2 Bg7 4. d3 d5 5. O-O Nc6 6. Re1 {A07: Réti Opening: New York and Capablanca Systems.} O-O {[#]} 7. Bg5 $146 ({Predecessor:} 7. Nbd2 e5 8. e4 Re8 9. c3 a5 10. Qc2 h6 11. b3 Bg4 12. a3 Qd7 13. Bb2 Rad8 14. b4 dxe4 15. dxe4 Nh7 16. Nc4 axb4 17. axb4 {1-0 (33) Onischuk,V (2637)-Grinev,V (2409) Zhitomir 2017}) 7... h6 8. Bxf6 {The position is equal.} Bxf6 9. c3 Bg4 10. Nbd2 Qd7 11. Nb3 b6 12. Qd2 Bg7 13. Rad1 Rad8 $36 {[%mdl 2048] Black is pushing.} (13... e5 {keeps more tension.} 14. d4 e4 15. Ne5 Nxe5 16. dxe5 Rad8) 14. e4 dxe4 15. dxe4 Qxd2 16. Rxd2 Rxd2 17. Nfxd2 Rd8 (17... a5 $15) 18. h3 (18. f4 $11) 18... Be6 19. Re2 (19. f4 $15) 19... a5 $17 20. f4 {[#]} (20. a4 $17 {was called for.}) 20... a4 $1 $19 {[%cal Ra4b3]} 21. Nc1 {[#]} a3 $1 {[%mdl 512]} 22. bxa3 (22. Ndb3 $17 {might work better.}) 22... Bxc3 23. Ncb3 (23. Ndb3 $142) 23... Nd4 24. Nxd4 Bxd4+ 25. Kh2 Bc5 ({Don't do} 25... Bxa2 26. Nf3 $17) 26. Nb3 Bxa3 27. Rc2 c5 28. Bf1 Rd1 29. Kg2 {[#]} Bxh3+ $1 {[%mdl 576] Deflection} 30. Kxh3 {aiming for Be2.} Rxf1 {[%mdl 4096] Endgame KRB-KRN} 31. Rd2 c4 32. Kg2 Re1 ({Inferior is} 32... cxb3 33. Kxf1 b2 34. Rd1 $11) 33. Nd4 {Black should prevent Nc2.} Rxe4 {Strongly threatening ...c3.} 34. Kf3 (34. Ne2 $142) 34... Rxd4 $2 (34... c3 $19 35. Rc2 Rxd4 36. Rxc3 Bc5) 35. Rxd4 $15 b5 36. Ke4 (36. Rd5 $15) 36... f5+ $19 37. Kd5 $2 (37. Kf3 $17) 37... c3 {Black is clearly winning.} 38. Rd3 c2 39. Rc3 c1=Q {Accuracy: White = 41%, Black = 77%.} 0-1

[Event "IV Copa Marcel Duchamp 2020"]
[Site "Montevideo"]
[Date "2020.02.08"]
[Round "1.27"]
[White "Carvalho, Guillermo"]
[Black "Reolon, Victor"]
[Result "1-0"]
[WhiteElo "2187"]
[BlackElo "1644"]
[Annotator "TA"]
[PlyCount "55"]
[EventDate "2020.02.08"]
[EventType "swiss"]
[EventCountry "URU"]
[SourceTitle "playchess.com"]
[Source "ChessBase"]
[SourceQuality "1"]

{[%evp 9,67,0,40,26,49,40,89,38,90,85,133,127,127,127,132,135,130,119,122,123,124,120,129,125,137,133,138,156,127,118,138,122,113,87,175,172,213,208,246,244,251,230,261,246,508,508,608,578,763,667,655,629,651,635,833,818,795,601,595,600]} 1. d4 e6 2. Nc3 d5 3. Bf4 c6 4. e3 Nf6 5. Bd3 {[#]} g6 $146 ({Predecessor:} 5... Bd6 6. Qf3 O-O 7. g4 Bxf4 8. Qxf4 b6 9. Nf3 Ba6 10. Ne5 Bxd3 11. cxd3 Nfd7 12. g5 {0-1 (31) Pershin,D (2400)-Kryakvin,D (2588) St Petersburg 2018}) 6. Nf3 {D00: 1 d4 d5: Unusual lines.} Bg7 7. h4 O-O 8. Qd2 (8. h5 $16) 8... Qa5 ({Black should try} 8... Qe7 $14) 9. Bd6 Rd8 {[#]} 10. b4 $1 {[%cal Rb4a5]} Qa3 11. Be7 Re8 {[#]} 12. Bxf6 $1 Bxf6 13. Rb1 {And now Rb3 would win.} b5 14. O-O Nd7 15. Rb3 Qa6 {[#]} 16. a4 $1 $36 {[%mdl 2560] Black is under strong pressure.} Qb6 (16... bxa4 17. Bxa6) 17. axb5 cxb5 {Black wants to play ...a6.} 18. Bxb5 Rd8 19. Be2 Bb7 20. Ra1 e5 21. Ra5 exd4 (21... e4 $16 {was necessary.}) 22. exd4 $18 Nf8 23. Na4 Qd6 24. Nc5 Bc8 25. Rba3 Qe7 26. g3 Re8 $2 (26... a6 27. Bxa6 Bg4) 27. Bb5 {White is clearly winning.} Ne6 28. Bxe8 {Played: Bb5-c6} 1-0

[Event "IV Copa Marcel Duchamp 2020"]
[Site "Montevideo"]
[Date "2020.02.08"]
[Round "1.28"]
[White "Labrador Avendano, Angie Jhoana"]
[Black "Benoit, Rodrigo"]
[Result "1/2-1/2"]
[WhiteElo "1638"]
[BlackElo "2170"]
[Annotator "TA"]
[PlyCount "70"]
[EventDate "2020.02.08"]
[EventType "swiss"]
[EventCountry "URU"]
[SourceTitle "playchess.com"]
[Source "ChessBase"]
[SourceQuality "1"]

{[%evp 9,70,16,35,36,50,9,16,11,21,27,48,39,39,39,37,24,29,-51,-52,-51,-50,-46,-46,-49,-39,-40,-39,-35,-27,-37,-33,-48,-31,-49,-27,-22,0,-48,0,0,0,12,27,0,0,0,58,21,37,0,58,58,58,58,58,0,0,0,58,0,0,0,14]} 1. d4 Nf6 2. Bf4 d5 3. Nf3 c6 4. e3 Bf5 5. Nbd2 h6 6. c4 {D02: 1 d4 d5 2 Nf3 sidelines, including 2...Nf6 3 g3 and 2...Nf6 3 Bf4.} e6 7. Be2 (7. Qb3 $5 {[%cal Rb3b7]} Qb6 8. c5 Qxb3 9. Nxb3 $14) 7... Be7 8. O-O O-O 9. Qb3 Qb6 {[#]} 10. c5 $146 ({Predecessor:} 10. Qc3 dxc4 11. Nxc4 Qa6 12. Qe1 Qa4 13. Nd6 Bxd6 14. Bxd6 Re8 15. b3 {1-0 (15) Wijesurija,G (2183)-Al Mutwae,H Aden 2002}) 10... Qxb3 11. axb3 Nbd7 12. Rfc1 Nh5 13. Bg3 (13. Be5 $11) 13... Nxg3 $15 14. hxg3 Rfe8 15. b4 a6 16. Kf1 Bf8 17. Rc3 Rac8 18. Nh4 Bh7 19. f4 g5 20. Nhf3 $1 f6 21. Bd3 Bg7 22. Bxh7+ Kxh7 23. Kf2 Kg6 (23... g4 $15 24. Ng1 f5) 24. g4 $11 f5 25. gxf5+ exf5 26. g3 Bf6 27. Rcc1 Nf8 ({Better is} 27... h5 $11) 28. Re1 Ne6 29. Nb3 g4 (29... h5 $11) 30. Ne5+ $14 Bxe5 31. dxe5 Rc7 32. Nd4 (32. Ke2 $14) 32... h5 $11 33. Rh1 Rh7 ({Black should play} 33... Nxd4 $11 34. exd4 Rb8) 34. Rh4 Nxd4 35. exd4 Rb8 {Accuracy: White = 66%, Black = 85%.} 1/2-1/2

[Event "IV Copa Marcel Duchamp 2020"]
[Site "Montevideo"]
[Date "2020.02.08"]
[Round "1.29"]
[White "Vazquez, Facundo"]
[Black "Vassallo, Julio"]
[Result "1-0"]
[WhiteElo "2155"]
[BlackElo "1630"]
[Annotator "TA"]
[PlyCount "101"]
[EventDate "2020.02.08"]
[EventType "swiss"]
[EventCountry "URU"]
[SourceTitle "playchess.com"]
[Source "ChessBase"]
[SourceQuality "1"]

{[%evp 24,101,84,60,105,105,105,104,103,104,93,80,83,90,93,76,81,75,115,106,136,137,174,160,209,137,131,137,137,97,97,97,103,91,124,102,94,121,138,70,154,145,167,175,161,168,206,205,205,202,213,198,209,206,208,193,197,179,211,184,256,248,392,410,455,427,607,592,1502,1422,1454,1408,1299,1329,1653,1586,2116,2043,1377,1215]} 1. d4 Nf6 2. c4 c5 3. d5 b5 4. cxb5 a6 5. bxa6 Bxa6 6. Nc3 d6 7. e4 Bxf1 8. Kxf1 g6 9. g3 Bg7 10. Kg2 O-O 11. Nf3 Nbd7 12. a4 Qb6 13. Qc2 $1 {[%mdl 4] is recently more successful than 13.Qe2.} Rfb8 {A59: Benko/Volga Gambit: White castles by hand.} 14. Nb5 Ne8 15. Bd2 Nc7 {White is better.} 16. Nxc7 Qxc7 17. Rab1 Qa7 18. b3 Qa6 19. Rhc1 Rb7 {[#]} 20. Bg5 $146 ({Predecessor:} 20. h4 h6 21. Re1 c4 22. bxc4 Rxb1 23. Rxb1 Qxa4 24. Qxa4 Rxa4 25. Rb4 Ra2 26. Rb7 {½-½ (37) Diermair,A (2461)-Spindelboeck,G (2246) Bad Gleichenberg 2014}) 20... Nf6 21. Nd2 Rab8 22. Nc4 h6 23. Bd2 Nd7 24. Bc3 Bxc3 25. Qxc3 Rb4 26. Qe3 Nb6 {[%cal Rb6c4]} 27. Nd2 Kg7 28. h4 Nd7 29. h5 Ne5 30. hxg6 fxg6 31. Rh1 (31. f4 $16 Ng4 32. Qc3+ Rd4 33. Nc4) 31... Rh8 (31... h5 $14) 32. f4 $16 Qd3 33. Qxd3 Nxd3 34. Kf3 {Hoping for Ke3.} Rd4 35. Nc4 Nb4 36. Rhd1 Nc2 37. Rxd4 Nxd4+ $18 {[%mdl 4096] Endgame KRN-KRN} 38. Ke3 Nc2+ 39. Kd2 Nb4 40. Re1 Rd8 41. Nb2 h5 (41... g5 {might work better.} 42. fxg5 hxg5) 42. Nd3 Rb8 (42... Na6 {keeps fighting.} 43. a5 Rb8) 43. Nxb4 Rxb4 {KR-KR} 44. Kc3 {White is clearly winning.} Kf7 (44... g5 $142 45. fxg5 Kg6) 45. a5 {[%cal Ba4a5,Ba5a6,Ba6a7][%mdl 32]} e6 46. a6 Rb8 47. a7 Ra8 48. Ra1 Ke7 49. Kc4 exd5+ 50. Kxd5 Kd7 51. Ra6 {Accuracy: White = 83%, Black = 48%.} 1-0

[Event "IV Copa Marcel Duchamp 2020"]
[Site "Montevideo"]
[Date "2020.02.08"]
[Round "1.30"]
[White "Bon, Charles"]
[Black "Trois, Francisco R.T."]
[Result "0-1"]
[WhiteElo "1614"]
[BlackElo "2141"]
[Annotator "TA"]
[PlyCount "62"]
[EventDate "2020.02.08"]
[EventType "swiss"]
[EventCountry "URU"]
[SourceTitle "playchess.com"]
[Source "ChessBase"]
[SourceQuality "1"]

{[%evp 9,62,-1,-3,-80,-84,-150,-145,-166,-163,-180,-174,-189,-158,-191,-188,-227,-239,-243,-227,-234,-234,-277,-276,-303,-270,-361,-347,-406,-404,-619,-658,-622,-656,-655,-652,-643,-633,-671,-660,-715,-668,-882,-857,-830,-836,-1217,-1215,-1151,-1128,-2572,-2578,-2207,-1690,-1566,-1480]} 1. e4 g6 2. d4 Bg7 3. Nf3 d6 4. c4 Bg4 5. Be3 Bxf3 6. Qxf3 {A41: 1 d4 d6: Tartakower System and Modern Defence.} (6. gxf3 $11 c5 7. Nc3) 6... c5 $1 $17 7. Qd1 ({White should play} 7. e5) 7... Nc6 {[%cal Bb8c6,Bc6e5,Be5d3][%mdl 32] [#]} 8. Na3 $146 {Black is clearly better.} ({Predecessor:} 8. dxc5 Bxb2 9. Nd2 Bxa1 10. Qxa1 Nf6 11. cxd6 Qxd6 12. c5 Qc7 13. Be2 O-O 14. O-O {0-1 (73) Brameyer,H (2290)-Kauschmann,H (2215) Berlin 1997}) 8... cxd4 9. Bd2 Nf6 10. Bd3 Qb6 11. Qb3 Ne5 12. Qxb6 Nxd3+ 13. Ke2 axb6 14. Kxd3 Nd7 15. Nb5 {[#] And now Nc7+ would win.} Nc5+ 16. Kc2 Kd7 17. f3 Ra4 18. b3 d3+ {[%mdl 64] Discovered Attack} 19. Kb1 {[#]} (19. Kd1 $142 Nxb3 {[%mdl 64] Pin} 20. Rb1 Nxd2 21. Kxd2) 19... Nxb3 $1 $19 {[%mdl 576] Double Attack, Pin. Black is clearly winning.} 20. Bc3 (20. axb3 Rxa1#) 20... Bxc3 21. Nxc3 Rxc4 22. axb3 Rxc3 {[%mdl 4096] Endgame KRR-KRR} 23. Ra3 Rhc8 {aiming for ...d2.} 24. Rd1 b5 {[%cal Bb6b5,Bb5b4][%mdl 32]} 25. Ra7 Rxb3+ 26. Ka2 Rcc3 27. Rxb7+ Ke6 28. Ra7 b4 29. Ra5 Ra3+ 30. Rxa3 Rxa3+ 31. Kb2 Ke5 {Accuracy: White = 31%, Black = 87%.} 0-1

[Event "IV Copa Marcel Duchamp 2020"]
[Site "Montevideo"]
[Date "2020.02.08"]
[Round "1.31"]
[White "Dominguez, Facundo"]
[Black "Pelaez, Diego"]
[Result "1-0"]
[WhiteElo "2135"]
[BlackElo "1607"]
[Annotator "TA"]
[PlyCount "39"]
[EventDate "2020.02.08"]
[EventType "swiss"]
[EventCountry "URU"]
[SourceTitle "playchess.com"]
[Source "ChessBase"]
[SourceQuality "1"]

{[%evp 10,39,68,29,47,42,75,30,37,33,54,66,96,91,119,134,189,186,459,463,817,773,743,466,452,472,484,485,2391,2314,2494,2431]} 1. e4 g6 2. d4 Bg7 3. Nc3 a6 4. a4 d6 5. Be3 b6 6. Bc4 e6 {B06: Modern Defence.} 7. Nf3 Bb7 8. O-O Nd7 {White has an edge.} 9. Qd2 h6 10. h3 c5 11. Rad1 $36 {[%mdl 2048] [#] White is really pushing.} Qc7 $146 {next ...cxd4 is good for Black.} ({Predecessor:} 11... Ne7 12. Rfe1 g5 13. Qe2 Qc7 14. Rd2 Ng6 15. Red1 Nf6 16. dxc5 dxc5 17. Nxg5 hxg5 18. Bxg5 {1-0 (46) Zatloukal,P (2090)-Belunek,V (2277) Valasska Bystrice 2009}) 12. dxc5 dxc5 (12... bxc5 $16 {was necessary.} 13. Qxd6 Qxd6 14. Rxd6 Bxc3) 13. Bf4 $18 Qc6 $2 (13... Qd8 14. Qe2 Ne7) 14. Nb5 {[#] And now Nc7+ would win.White is clearly winning.} Rd8 (14... Ngf6 $142 15. Nc7+ {[%mdl 64] Double Attack} Kf8 16. Nxa8 Bxa8 17. Bxa6 Qxe4) 15. Nd6+ Kf8 16. Nxb7 Qxb7 17. Qd6+ Ke8 18. Ne5 Ngf6 {[#]} (18... Bxe5 $142 19. Bxe5 Rh7) 19. Bxe6 $1 {[%csl Ge5][%cal Re6f7][%mdl 512]} Rf8 (19... fxe6 20. Qxe6+) 20. Nc6 {Accuracy: White = 77%, Black = 29%.} 1-0

[Event "IV Copa Marcel Duchamp 2020"]
[Site "Montevideo"]
[Date "2020.02.08"]
[Round "1.32"]
[White "Romero, Robert"]
[Black "Curi, Gabriel"]
[Result "0-1"]
[WhiteElo "1601"]
[BlackElo "2132"]
[Annotator "TA"]
[PlyCount "44"]
[EventDate "2020.02.08"]
[EventType "swiss"]
[EventCountry "URU"]
[SourceTitle "playchess.com"]
[Source "ChessBase"]
[SourceQuality "1"]

{[%evp 9,60,-32,-34,-49,-59,-77,-99,-90,-42,-54,-13,-109,-105,-106,-110,-145,-135,-138,-139,-153,-148,-163,-154,-227,-217,-333,-332,-328,-341,-337,-219,-246,-272,-248,-271,-268,-249,-411,-372,-381,-363,-839,-847,-946,-936,-998,-995,-992,-986,-1337,-1289,-5791,-5098]} 1. d4 d5 2. c4 c6 3. Nf3 Nf6 4. Nc3 e6 5. a3 dxc4 6. e3 {D43: Semi-Slav: 5 Bg5 h6.} b5 7. Be2 Bb7 8. O-O {Black is better.} Nbd7 {[#]} 9. e4 $146 ({Predecessor:} 9. b3 cxb3 10. Qxb3 Be7 11. Rd1 O-O 12. Bb2 Qb6 13. Rac1 a6 14. Qc2 c5 15. Ne5 cxd4 16. Nxd7 Nxd7 17. Rxd4 {½-½ (50) Paar,J (1950)-Glitz,M (1999) Bayern 2017}) 9... Be7 10. e5 (10. b3 $1 $11 {keeps the balance.}) 10... Nd5 $17 11. Nxd5 cxd5 12. Bf4 O-O 13. Qd2 a5 14. Ng5 b4 15. Bg4 Nb6 {And now ...c3! would win.} 16. h4 (16. axb4 $17 {was worth a try.} axb4 17. Bxe6) 16... h6 $19 17. Nxe6 (17. Nh3 {is a better defense.}) 17... fxe6 18. Bxe6+ Kh8 {Threatens to win with ...c3.} 19. Bxh6 Bc8 20. Bxc8 Rxc8 (20... Qxc8 21. Bg5 $17) 21. Bg5 c3 22. bxc3 bxc3 {Played: Nb6-c4} 0-1

[Event "IV Copa Marcel Duchamp 2020"]
[Site "Montevideo"]
[Date "2020.02.09"]
[Round "2.1"]
[White "Carvalho, Guillermo"]
[Black "Delgado Ramirez, Neuris"]
[Result "0-1"]
[WhiteElo "2187"]
[BlackElo "2634"]
[Annotator "TA"]
[PlyCount "76"]
[EventDate "2020.02.08"]
[EventType "swiss"]
[EventCountry "URU"]
[SourceTitle "playchess.com"]
[Source "ChessBase"]
[SourceQuality "1"]

{[%evp 9,76,4,11,8,16,17,22,13,37,25,25,5,19,28,20,-18,-8,-30,-38,-34,-34,-43,-28,-47,-57,-64,-21,-20,-23,-58,-33,-56,-50,-51,0,-11,16,-39,-7,-25,27,-126,-115,-128,-151,-175,-178,-355,-344,-499,-246,-466,-117,-110,-111,-110,-109,-103,-95,-233,-229,-1104,-1092,-1256,-1229,-1305,-1326,-1315,-1312]} 1. d4 Nf6 2. Nc3 d5 3. Bf4 c6 4. e3 Bf5 5. f3 h5 6. Bd3 {D00: 1 d4 d5: Unusual lines.} Bxd3 7. Qxd3 e6 8. Nge2 {[#] The position is equal.} Na6 $146 ({Predecessor:} 8... Bd6 9. O-O-O Bxf4 10. Nxf4 g5 11. Nfe2 Nbd7 12. h4 g4 13. e4 gxf3 14. gxf3 dxe4 15. fxe4 {½-½ (93) Darini,P (2511)-Zhang,Z (2645) Doha 2016}) 9. a3 Be7 10. O-O-O Qa5 11. Kb1 b5 12. Na2 c5 13. dxc5 Nxc5 14. Qd2 Qb6 15. Nd4 $1 Ncd7 16. Bg3 O-O 17. Rhe1 Nc5 18. Qe2 a6 19. c3 Rfe8 20. Nc1 Na4 21. Na2 Nc5 (21... Rac8 $15) 22. h3 Bf8 23. Bf2 (23. Bh4 $11) 23... e5 $36 {[%mdl 2048] Black has good play.} 24. Nc2 $1 e4 ({Better is} 24... Qe6) 25. Nd4 $2 (25. Bh4 $11) 25... Nfd7 26. Nb4 {[#]} Qb7 $1 27. f4 a5 28. Nbc2 $2 (28. Qxb5 Qxb5 29. Nxb5) 28... Reb8 $19 29. Rf1 {[#]} ({Much weaker is} 29. Qxh5 Nd3) (29. Rd2 $142 Nd3 30. b3) 29... Nd3 (29... b4 $142 $1 {[%mdl 512]} 30. cxb4 (30. axb4 axb4) 30... axb4 31. Nxb4 Nd3 32. Nxd3 Bxa3) 30. Be1 $2 ({Don't blunder} 30. Qxh5 $2 b4 $19) (30. b4) 30... Nb6 $2 (30... b4 $19 31. cxb4 axb4 32. Rxd3 exd3 33. Qxd3 Nc5) 31. Rxd3 $17 exd3 32. Qxd3 Nc4 33. g4 Qa6 {...b4! is the strong threat.} 34. Qe2 {[#]} (34. Kc1 $17) 34... b4 $1 {[%cal Bb5b4,Bb4b3][%mdl 544] Strongly threatening ...b3.} 35. a4 $2 (35. b3) (35. axb4 axb4) 35... b3 $19 {Black is clearly winning.} 36. Na1 Bc5 37. Rf2 Bxd4 38. exd4 Qc6 {Accuracy: White = 50%, Black = 69%.} 0-1